[Event "HCL-C284"]
[Site "www.playchess.de"]
[Date "2001.04.20"]
[Round "5"]
[White "Eusebio"]
[Black "Droogstoppel"]
[WhiteElo "1000"]
[BlackElo "1000"]
[PlyCount "60"]
[Result "0-1"]

1.e4 e5 2.Nf3 Nf6 3.Bc4 d5 4.exd5 Nxd5 5.Qe2 Be6 
6.O-O f6 7.Nc3 c6 8.d3 Nd7 9.b3 Nxc3 10.Qd2 Nd5 
11.Qe2 b5 12.Bxd5 Bxd5 13.Nh4 g6 14.Be3 Be7 15.a4 
b4 16.d4 f5 17.Rad1 Bxh4 18.f4 e4 19.g3 Bf6 20.c4 
bxc3 21.Rdc1 Bxb3 22.Rxc3 Bxa4 23.Qc4 Bb5 24.Qb3 
Bxf1 25.Kxf1 c5 26.Rc4 Qb6 27.Qc3 Qb5 28.Kg2 Rb8 
29.dxc5 Bxc3 30.Rxc3 Qb2+ 0-1

[Event "HCL-B288"]
[Site "www.playchess.de"]
[Date "2001.04.20"]
[Round "18"]
[White "German04"]
[Black "Fringe"]
[WhiteElo "1235"]
[BlackElo "1741"]
[PlyCount "40"]
[Result "0-1"]

1.e4 e5 {have a nice game and a good tournament}  
2.Nf3 {thx, how are you???}  Nc6 3.d4 exd4 {Where 
are you from ? I am from naples.}  4.Nxd4 {I come 
from Bogota}  Bc5 5.Be3 {ciao}  Qf6 {ciao}  6.Nxc6 
{come va???}  Bxe3 {bene where do you live ?}  
7.fxe3 {Tuebingen}  Qxb2 {student ? I am an 
editor}  8.Nd2 {I`m working in medical 
investigation}  dxc6 9.Bd3 Nf6 10.O-O Qb4 {coroner 
?}  11.e5 {Ophthzalmological research}  Ng4 {I  
got it}  12.Qe2 {What kind of books do you 
edit???}  Nxe5 13.Rab1 Qe7 {books about cyberlaw}  
14.Qh5 {Cyberlaw????}  Bg4 {yes cyberlaw}  15.Rxf7 
Bxh5 16.Rxe7+ Kxe7 17.Rxb7 Nxd3 18.cxd3 Kd7 19.Nb3 
Rhb8 20.Nc5+ Kc8 0-1

[Event "ACL-A147"]
[Site "www.playchess.de"]
[Date "2001.04.20"]
[Round "4"]
[White "hercos"]
[Black "DKCozy"]
[WhiteElo "1900"]
[BlackElo "1500"]
[PlyCount "40"]
[Result "0-1"]

1.e4 {hi, how are you ?}  e6 2.d4 b6 3.Nf3 Bb7 
4.Bd3 c5 5.O-O cxd4 6.Nxd4 d5 7.exd5 Qxd5 8.Nf3 
Nf6 9.Nc3 Qh5 10.Be2 Qg6 11.Bf4 Bc5 12.Bg3 Nc6 
13.Bd3 Qg4 14.Re1 Nb4 15.Bb5+ Ke7 16.Bh4 Rad8 
17.Qe2 Bxf3 18.Bxf6+ gxf6 19.Qxf3 Qxf3 20.gxf3 
Nxc2 0-1

[Event "ACL-A147"]
[Site "www.playchess.de"]
[Date "2001.04.20"]
[Round "5"]
[White "DKCozy"]
[Black "fossa"]
[WhiteElo "1500"]
[BlackElo "1500"]
[PlyCount "83"]
[Result "1-0"]

1.f4 e6 2.Nf3 c5 3.e3 Nf6 4.b3 Nc6 5.Bb2 Be7 6.Bb5 
a6 7.Bxc6 bxc6 8.O-O O-O 9.Qe1 d5 10.d3 Bd6 11.Ng5 
h6 12.Nf3 Ra7 13.Nbd2 Re7 14.Ne5 Bb7 15.Ndf3 Bxe5 
16.Nxe5 Nd7 17.Qg3 Nxe5 18.fxe5 Rd7 19.Rf6 g6 
20.Raf1 Qc7 21.Bc1 Kg7 22.h4 Rh8 23.h5 g5 24.e4 d4 
25.Rxh6 Rxh6 26.Qxg5+ Kh7 27.Qxh6+ Kg8 28.Qf6 Qd8 
29.Bh6 Qxf6 30.exf6 Rd8 31.Kh2 e5 32.Rf5 Re8 
33.Bg7 Bc8 34.Rf2 Re6 35.g4 Re8 36.Kg3 c4 37.dxc4 
c5 38.g5 a5 39.Kh4 Bd7 40.g6 fxg6 41.hxg6 Rb8 
42.Bh6 1-0

[Event "HCL-C288"]
[Site "www.playchess.de"]
[Date "2001.04.20"]
[Round "1"]
[White "exoticorn"]
[Black "castle"]
[WhiteElo "1108"]
[BlackElo "1000"]
[PlyCount "61"]
[Result "1-0"]

1.e4 e5 2.Nf3 Nc6 3.Bb5 d6 4.O-O Bd7 5.Nc3 Nf6 
6.d3 Be7 7.Bg5 O-O 8.Qd2 a6 9.Ba4 Be6 10.Bxc6 bxc6 
11.b3 d5 12.Nxe5 d4 13.Ne2 c5 14.Nc6 Qd6 15.Nxe7+ 
Qxe7 16.Qa5 c4 17.bxc4 h6 18.Bxf6 Qxf6 19.Qxc7 
Rab8 20.Qd6 Rfd8 21.Qxa6 Rb2 22.Rfc1 Qg5 23.Ng3 
Re8 24.Qa4 Rbb8 25.Rcd1 Rba8 26.Qb4 h5 27.Qd2 Qg6 
28.Qf4 Bd7 29.Nf5 Ba4 30.Rdc1 Reb8 31.Ne7+ {Sorry, 
nice fight up to now...}  1-0

[Event "ACL-A147"]
[Site "www.playchess.de"]
[Date "2001.04.20"]
[Round "8"]
[White "fossa"]
[Black "Blackmar"]
[WhiteElo "1500"]
[BlackElo "1500"]
[PlyCount "30"]
[Result "0-1"]

1.e3 e5 2.c4 Nf6 3.Nc3 Bb4 4.Nf3 e4 5.Nd4 O-O 
6.Nd5 Nxd5 7.a3 Nxe3 8.fxe3 Bc5 9.b4 Bxd4 10.exd4 
d5 11.c5 Qh4+ 12.g3 Qf6 13.Qe2 Nc6 14.Bb2 Nxd4 
15.Qd1 Nf3+ 0-1

[Event "HCL-C285"]
[Site "www.playchess.de"]
[Date "2001.04.20"]
[Round "21"]
[White "MmeAicha"]
[Black "spinny33"]
[WhiteElo "1000"]
[BlackElo "573"]
[PlyCount "55"]
[Result "1-0"]

1.e4 d5 2.exd5 {good luck :-)}  Qxd5 3.Nc3 Qe5+ 
{thank you, and to you...}  4.Qe2 Qxe2+ 5.Bxe2 e5 
6.Nf3 Bd6 7.d4 exd4 8.Nd5 Nf6 9.Nxf6+ gxf6 10.Nxd4 
O-O 11.O-O Re8 12.Be3 c5 13.Nb5 Be5 14.c3 Be6 
15.f4 Nc6 16.Bxc5 Rad8 17.fxe5 Rd2 18.Nc7 Rxe2 
19.Nxe8 fxe5 20.Nf6+ Kg7 21.Ne8+ Kh6 22.Rf6+ Kg5 
23.Raf1 Bd5 24.R1f5+ Kg4 25.h3+ Kg3 26.Rg5+ Kh4 
27.Rg4+ Kh5 28.Ng7+ {good sportsmen give up long 
time before mate. There was mate in 9. good luck 
in the future :-)}  1-0

[Event "ACL-A163"]
[Site "www.playchess.de"]
[Date "2001.04.20"]
[Round "4"]
[White "Eusebio"]
[Black "Dragusin"]
[WhiteElo "1500"]
[BlackElo "1500"]
[PlyCount "72"]
[Result "0-1"]

1.d4 e6 {Hola amigo}  2.e4 d5 3.Nc3 Bb4 4.Bb5+ Bd7 
5.Qd3 c6 6.Ba4 Qf6 7.Be3 Nh6 8.e5 Qg6 9.Qe2 O-O 
10.Nf3 Nf5 11.O-O Be7 12.Rad1 h6 13.Rd3 b5 14.Bb3 
b4 15.Nb1 c5 16.a3 a5 17.g3 Bb5 18.Qd2 Bxd3 
19.Qxd3 c4 20.Bxc4 dxc4 21.Qxc4 Nd7 22.d5 Rac8 
23.Qb5 Nb8 24.Qxa5 Nxe3 25.Nbd2 Nxf1 26.Kxf1 Qxc2 
27.Qa7 Bg5 28.Qd4 Bxd2 29.Kg2 Bg5 30.Qxb4 exd5 
31.Qb7 Rfd8 32.Nd4 Qe4+ 33.Nf3 Nd7 34.b4 Nxe5 
35.a4 Qxf3+ 36.Kf1 Rc1+ 0-1

[Event "HCL-E053"]
[Site "www.playchess.de"]
[Date "2001.04.20"]
[Round "12"]
[White "Ryszard"]
[Black "Alcides"]
[WhiteElo "2000"]
[BlackElo "2402"]
[PlyCount "50"]
[Result "0-1"]

1.e4 e5 {hello! have fun! :)}  2.Nf3 Nc6 3.Bb5 a6 
4.Ba4 Nf6 5.O-O Be7 6.Re1 b5 7.Bb3 O-O 8.c3 d5 
9.exd5 Nxd5 10.Nxe5 Nxe5 11.Rxe5 Bb7 12.Qf3 Bd6 
13.Rxd5 Re8 14.Kf1 Qe7 15.Qxf7+ Kxf7 16.Re5+ Kf6 
17.Rxe7 Rxe7 18.d4 Rae8 19.Be3 Bf4 20.Na3 Bxe3 
21.fxe3 R7xe3 22.Nc2 R3e2 23.d5 Bxd5 24.Nd4 Bxg2+ 
25.Kg1 Rxb2 0-1

[Event "HCL-E053"]
[Site "www.playchess.de"]
[Date "2001.04.20"]
[Round "15"]
[White "mariuszk"]
[Black "Ryszard"]
[WhiteElo "1953"]
[BlackElo "2000"]
[PlyCount "23"]
[Result "1-0"]

1.e4 {pozdrowienia}  e5 2.Nf3 Nc6 3.Bb5 a6 4.Bxc6 
bxc6 5.Nc3 Nf6 6.Nxe5 Qe7 7.d4 d5 8.Bg5 Bb7 9.O-O 
O-O-O 10.exd5 cxd5 11.Re1 Qd6 12.Nxf7 1-0

[Event "HCL-B299"]
[Site "www.playchess.de"]
[Date "2001.04.20"]
[Round "5"]
[White "Outeralert"]
[Black "lebesgue"]
[WhiteElo "1572"]
[BlackElo "1667"]
[PlyCount "81"]
[Result "1-0"]

1.Nf3 g6 2.g3 Bg7 3.Bg2 c5 4.O-O Nc6 5.d3 b6 
6.Nbd2 Bb7 7.Re1 Nf6 8.c3 O-O 9.e4 d6 10.d4 Nd7 
11.d5 Nce5 12.Nxe5 Nxe5 13.Nf3 Nxf3+ 14.Qxf3 e5 
15.c4 Bc8 16.a3 f5 17.Qe2 f4 18.f3 h5 19.Kf2 Bh6 
20.Rg1 fxg3+ 21.hxg3 Bxc1 22.Raxc1 Qg5 23.Qe3 
Qxe3+ 24.Kxe3 Kg7 25.Rgh1 Bd7 26.Bh3 Rad8 27.Bxd7 
Rxd7 28.Rh2 Rdf7 29.Rf1 a6 30.b3 Kf6 31.Rhf2 Ke7 
32.f4 exf4+ 33.R2xf4 R7xf4 34.Rxf4 Rf6 35.g4 Rxf4 
36.Kxf4 h4 37.g5 b5 38.Kg4 bxc4 39.bxc4 Kd7 40.a4 
Kc7 41.a5 1-0

[Event "HCL-B298"]
[Site "www.playchess.de"]
[Date "2001.04.20"]
[Round "7"]
[White "Elrond"]
[Black "Ralph"]
[WhiteElo "1669"]
[BlackElo "1200"]
[PlyCount "77"]
[Result "1-0"]

1.e4 e5 2.Nf3 Nc6 3.Bc4 Bc5 4.c3 Nf6 5.d4 exd4 
6.cxd4 Bb4+ 7.Nc3 Nxe4 8.O-O Bxc3 9.d5 Ne7 10.bxc3 
h6 11.Re1 Nf6 12.d6 cxd6 13.Qxd6 O-O 14.Rxe7 Ne8 
15.Qe5 d6 16.Bxf7+ Rxf7 17.Rxe8+ Kh7 18.Rxd8 dxe5 
19.Nxe5 Re7 20.Bf4 a5 21.Nc4 Re6 22.Nd6 b6 23.Rxc8 
Rxc8 24.Nxc8 Rc6 25.Nd6 Rxc3 26.Nb5 Rc4 27.Be3 Rb4 
28.a4 Kg6 29.Bxb6 Kh5 30.Bxa5 Rc4 31.Bd2 g5 32.g3 
Kg4 33.Kg2 Kh5 34.a5 g4 35.a6 Rc8 36.a7 Ra8 37.Ra6 
Rh8 38.a8Q {%}  Rxa8 39.Rxh6+ 1-0

[Event "HCL-B298"]
[Site "www.playchess.de"]
[Date "2001.04.20"]
[Round "10"]
[White "Petra"]
[Black "Elrond"]
[WhiteElo "1042"]
[BlackElo "1669"]
[PlyCount "46"]
[Result "0-1"]

1.e4 e5 2.Nf3 Nc6 3.Bc4 Bc5 4.c3 Nf6 5.d4 exd4 
6.cxd4 Bb4+ 7.Bd2 Bxd2+ 8.Qxd2 Nxe4 9.Qf4 d5 
10.O-O O-O 11.Nbd2 Nxd2 12.Qxd2 dxc4 13.Rac1 Be6 
14.Rcd1 Bg4 15.Qf4 Bxf3 16.Qxf3 Qd6 17.d5 Ne5 
18.Qg3 Rad8 19.f4 Qc5+ 20.Kh1 Nd3 21.Rd2 Rxd5 
22.f5 Rxf5 23.b3 Rxf1+ 0-1

[Event "HCL-B303"]
[Site "www.playchess.de"]
[Date "2001.04.20"]
[Round "7"]
[White "blob"]
[Black "Farmer"]
[WhiteElo "1500"]
[BlackElo "1334"]
[PlyCount "117"]
[Result "1/2-1/2"]

1.d4 d5 2.c4 c6 3.e3 Nf6 4.Nf3 Bf5 5.cxd5 Nxd5 
6.Nbd2 Nf6 7.Ne5 e6 8.g4 Bg6 9.h4 Bb4 10.a3 Bxd2+ 
11.Bxd2 c5 12.Bg2 Nbd7 13.Bxb7 Rb8 14.Bc6 O-O 
15.Bxd7 Nxd7 16.Nc6 Qb6 17.Nxb8 Rxb8 18.Bc3 Qc6 
19.O-O c4 20.Rc1 Bd3 21.Re1 Be4 22.g5 Rb5 23.a4 
Rb3 24.a5 Rb5 25.Qg4 Bf3 26.Qf4 Rf5 27.Qg3 Be4 
28.f4 Rb5 29.h5 Nf8 30.Re2 Bf3 31.Rh2 Be4 32.h6 g6 
33.Qg4 Nd7 34.Rd2 Qd5 35.Qh4 a6 36.Rh2 Nb8 37.Qe1 
Nc6 38.Ra1 Ne7 39.Ra4 Qf5 40.Qd1 Bd5 41.Rb4 Qe4 
42.Qe1 Rxb4 43.Bxb4 Nf5 44.Bd2 Qf3 45.Qe2 Qe4 
46.Bc1 f6 47.gxf6 Kf7 48.Kf2 Qb1 49.Qd2 Kxf6 
50.Kg1 Qe4 51.Qf2 Kf7 52.Kf1 Qd3+ 53.Ke1 Qe4 
54.Qc2 Qf3 55.Qd2 Qe4 56.Qe2 Kf6 57.Rh3 Kf7 58.Kf1 
Qb1 59.Qd2 1/2-1/2

[Event "HCL-A131"]
[Site "www.playchess.de"]
[Date "2001.04.20"]
[Round "15"]
[White "teenspirit"]
[Black "LUCIANO"]
[WhiteElo "1697"]
[BlackElo "1268"]
[PlyCount "65"]
[Result "1-0"]

1.e4 {Hi, good luck!}  c5 2.Nf3 Nc6 {hi, thank 
you}  3.Bb5 a6 4.Bxc6 dxc6 5.O-O e6 6.Nc3 Nf6 
7.Re1 Be7 8.d3 O-O 9.h3 Ne8 10.a4 b5 11.Be3 Bb7 
12.Qe2 b4 13.Nd1 Qd6 14.b3 a5 15.Nb2 Qc7 16.Nc4 
Ba6 17.Nfd2 Bxc4 18.Nxc4 Bd6 19.g3 Qa7 20.Qh5 Be7 
21.f4 g6 22.Qf3 Rc8 23.f5 exf5 24.exf5 Bf6 25.Rad1 
Bd4 26.Bxd4 cxd4 27.f6 Kh8 28.Qf4 c5 29.Re7 Qa6 
30.Rf1 Rc6 31.Qh6 Rg8 32.Rxe8 Rc8 
33.Qg7+ 1-0

[Event "HCL-C289"]
[Site "www.playchess.de"]
[Date "2001.04.20"]
[Round "10"]
[White "Edik"]
[Black "Tim"]
[WhiteElo "1253"]
[BlackElo "1000"]
[PlyCount "25"]
[Result "1-0"]

1.e4 e6 2.d4 b6 3.Nc3 Ba6 4.Bxa6 Nxa6 5.Nf3 c5 
6.Bf4 h6 7.O-O g5 8.Be5 f6 9.Bg3 Rc8 10.Nd2 cxd4 
11.Qh5+ Ke7 12.Nb5 Rxc2 13.Bd6+ 1-0

[Event "HCL-A135"]
[Site "www.playchess.de"]
[Date "2001.04.20"]
[Round "4"]
[White "teenspirit"]
[Black "Stiki"]
[WhiteElo "1697"]
[BlackElo "1960"]
[PlyCount "34"]
[Result "0-1"]

1.d4 {Hi}  d5 {Hello,and good luck!}  2.Nf3 Nf6 
3.c4 {good luck  on tourney!}  dxc4 4.Nc3 a6 5.a4 
e6 6.e3 Bb4 7.Bxc4 c5 8.O-O O-O 9.Qe2 Nc6 10.Rd1 
Qe7 11.e4 e5 12.dxe5 Nxe5 13.Nxe5 Bxc3 14.bxc3 
Qxe5 15.Bd3 Re8 16.f4 Qc7 17.c4 
Bg4 0-1

[Event "HCL-C295"]
[Site "www.playchess.de"]
[Date "2001.04.20"]
[Round "2"]
[White "TRUBLU"]
[Black "lostpawn2000"]
[WhiteElo "1043"]
[BlackElo "1486"]
[PlyCount "65"]
[Result "1-0"]

1.Nf3 c6 2.g3 d5 3.Bg2 Nf6 4.O-O Bg4 5.d3 Nbd7 
6.Be3 e5 7.h3 Bf5 8.g4 Bg6 9.g5 Nh5 10.Nbd2 Bd6 
11.c3 Nf4 12.Bxf4 exf4 13.e3 Bxd3 14.Nb3 Bxf1 
15.Bxf1 Ne5 16.exf4 Nd7 17.Qd4 f6 18.Re1+ Be7 
19.Nc5 O-O 20.Ne6 Bc5 21.Qd3 Qb6 22.Nfd4 Rfe8 
23.g6 hxg6 24.Qxg6 Re7 25.Nf5 Nf8 26.Nh6+ Kh8 
27.Nf7+ Rxf7 28.Qxf7 Bxf2+ 29.Kh1 Nxe6 30.Rxe6 
Qxb2 31.Re8+ Rxe8 32.Qxe8+ Kh7 
33.Bd3+ 1-0

[Event "HCL-B305"]
[Site "www.playchess.de"]
[Date "2001.04.20"]
[Round "2"]
[White "foxzy"]
[Black "Zooey"]
[WhiteElo "1129"]
[BlackElo "1576"]
[PlyCount "40"]
[Result "1/2-1/2"]

1.e4 e5 2.Nf3 Nc6 3.Bc4 Be7 4.Nc3 Nf6 5.d3 O-O 
6.Ng5 d6 7.Qf3 Nd4 8.Qd1 Bg4 9.f3 Bd7 10.Nxf7 Rxf7 
11.Bxf7+ Kxf7 12.O-O c6 13.Be3 c5 14.a3 Qb6 15.Rb1 
Rf8 16.b4 Qc7 17.f4 Bg4 18.Qd2 Kg8 19.Nd5 Nxd5 
20.exd5 Ne2+ 1/2-1/2

[Event "ACL-A161"]
[Site "www.playchess.de"]
[Date "2001.04.20"]
[Round "17"]
[White "hercos"]
[Black "ADRIAN"]
[WhiteElo "1901"]
[BlackElo "2110"]
[PlyCount "34"]
[Result "0-1"]

1.e4 {Oi, de onde você é ?}  e5 {Tudo bem? É um 
prazer jogar com um conterrâneo! Sou de 
Blumenau/SC. E você?}  2.Nf3 {Sou de 
Uberlândia-MG. Você joga o xadrez postal faz tempo 
?}  Nf6 {Jogava muito há uns 10 anos atrás, depois 
parei. Agora descobri este site e estou 
gostando...}  3.Nxe5 {Este é o melhor site por 
causa do relógio automático, mas os adversários 
são em geralfracos.}  Qe7 {Os forte mesmo estão 
nas outras classes: E, X, M ali a coisa pega! Boa 
noite...}  4.d4 {Oi, estudo eng. elétrica. O que 
você faz ? Ciao}  Nc6 {Olá, sou formado em 
matemática, mas trabalho na CEF há 18 anos. Até 
mais.}  5.Nxc6 Qxe4+ 6.Qe2 Qxe2+ 7.Bxe2 dxc6 8.O-O 
Bf5 9.c3 O-O-O {Oi HERCOS, é muito cedo ainda para 
o empate...}  10.Bg5 c5 11.Bxf6 gxf6 12.dxc5 Bxc5 
13.b4 Bd6 14.Na3 Rhe8 15.Rfe1 Be5 16.Rac1 Bf4 
17.Rcd1 Rxd1 0-1

[Event "HCL-B305"]
[Site "www.playchess.de"]
[Date "2001.04.20"]
[Round "8"]
[White "tyronetyfly"]
[Black "guanzi"]
[WhiteElo "1500"]
[BlackElo "1369"]
[PlyCount "34"]
[Result "0-1"]

1.e4 e5 2.Bb5 a6 3.Bc4 Nf6 4.Nf3 Bc5 5.Nxe5 O-O 
6.Nc3 Re8 7.Bxf7+ Kh8 8.Na4 Rxe5 {Why didn't you 
take my Rook when I made such an obvious 
mistake??}  9.f4 Rxe4+ 10.Kf1 Rxf4+ 11.Ke1 Qe7+ 
12.Be6 Qxe6+ 13.Qe2 Re4 14.Nc3 Rxe2+ 15.Nxe2 Nc6 
16.Rf1 Nd4 17.c3 Qxe2+ 0-1

[Event "HCL-B306"]
[Site "www.playchess.de"]
[Date "2001.04.20"]
[Round "10"]
[White "suez"]
[Black "lonewolf"]
[WhiteElo "1417"]
[BlackElo "1661"]
[PlyCount "91"]
[Result "1/2-1/2"]

1.e4 c5 {Have a good one.}  2.Nf3 {Likewise}  Nc6 
3.d4 cxd4 4.Nxd4 Nf6 5.Nc3 {Where do you call 
"home"?  I am from Illinois.}  d6 {Arizona}  6.Bb5 
{I love Arizona.  Especially Mesa.}  Bd7 {Do you 
have friends in Mesa?}  7.O-O {Brother-in-law...beautiful 
part of the country.}  e5 {Yes it is.}  8.Nf5 
{What part of that magnificent state do you reside 
in?}  Bxf5 {The Verde Valley,about 50 miles south 
of Flagstaff.}  9.exf5 {Absolutely gorgeous area, 
I envy you.  Sedona is like another world as 
well.}  Be7 10.Be3 O-O 11.Nd5 Rc8 12.c4 Nd4 
13.Bxd4 exd4 14.Qxd4 Nxd5 15.Qxd5 a6 16.Ba4 Bf6 
17.Qxb7 Qa5 18.Bb3 Bxb2 19.Rad1 Rfd8 20.Rxd6 Rxd6 
21.Qxc8+ {I hope you have a nice Easter!}  Rd8 
{Thanks very much,and the same to you.}  22.Qb7 
Bd4 23.c5 Qxc5 24.Qxf7+ Kh8 25.Qb7 Qxf5 26.Qxa6 
Rf8 27.Qe2 Qc5 28.Bc4 g6 29.a4 Qb4 30.Bb5 Qc5 
31.Qd2 Kg7 32.Bd3 Qa3 33.Bc4 Qc5 34.Bb5 Rf5 35.h3 
{Interesting game......}  Rf6 {Yes it is}  36.Qe2 
Rf5 37.Bd3 Rf6 38.Qa2 {The struggle 
continues.....}  Qa5 39.Bb5 Qa7 40.Bc4 Qa5 41.Kh1 
Rf5 42.f3 {good evening.}  Re5 {Good evening to 
you also.}  43.f4 {A strategic battle to the end?  
lol}  Re1 44.g3 Re3 45.Kh2 Qc5 
46.Rc1 1/2-1/2

[Event "HCL-A137"]
[Site "www.playchess.de"]
[Date "2001.04.20"]
[Round "6"]
[White "Tinho"]
[Black "RB"]
[WhiteElo "1814"]
[BlackElo "2101"]
[PlyCount "33"]
[Result "1/2-1/2"]

1.e4 c5 2.Nf3 d6 3.d4 cxd4 4.Nxd4 Nf6 5.Nc3 g6 
6.Bb5+ Bd7 7.Bxd7+ Nbxd7 8.O-O Bg7 9.Be3 O-O 10.f4 
a6 11.Qf3 Qc7 12.Nde2 Rac8 13.Rad1 b5 14.a3 Nc5 
15.Bd4 Ne6 16.Be3 Nc5 17.Bd4 1/2-1/2

[Event "HCL-A128"]
[Site "www.playchess.de"]
[Date "2001.04.20"]
[Round "7"]
[White "bundori"]
[Black "Nils"]
[WhiteElo "1716"]
[BlackElo "1753"]
[PlyCount "49"]
[Result "1-0"]

1.c4 e5 2.Nc3 Nf6 3.g3 Bc5 4.Bg2 d6 5.a3 O-O 6.e3 
Re8 7.Nge2 Nc6 8.O-O e4 9.f3 exf3 10.Rxf3 Bg4 
11.Rf4 Qd7 12.d4 Bb6 13.b4 Bh5 14.Qf1 a6 15.Rxf6 
Bxe2 16.Qxe2 gxf6 17.Nd5 Kg7 18.Qh5 Qc8 19.c5 dxc5 
20.bxc5 Ba7 21.Nxf6 Kxf6 22.e4 Re5 23.dxe5+ Ke7 
24.Bg5+ Kf8 25.Bh3 1-0

[Event "HCL-A137"]
[Site "www.playchess.de"]
[Date "2001.04.20"]
[Round "13"]
[White "Tinho"]
[Black "Tiger"]
[WhiteElo "1814"]
[BlackElo "1990"]
[PlyCount "29"]
[Result "1-0"]

1.e4 c5 2.Nf3 Nc6 3.Bb5 e6 4.b3 Nge7 5.Bb2 d5 
6.O-O Qb6 7.exd5 exd5 8.Qe2 Be6 9.Ng5 Kd7 10.Nxe6 
fxe6 11.Re1 Kc7 12.c4 Nd8 13.Be5+ Kc8 14.Nc3 d4 
15.Na4 1-0

[Event "ACL-A168"]
[Site "www.playchess.de"]
[Date "2001.04.20"]
[Round "3"]
[White "Rparkes"]
[Black "Purple_Eagle00"]
[WhiteElo "1584"]
[BlackElo "1500"]
[PlyCount "33"]
[Result "1/2-1/2"]

1.e4 e5 2.Nf3 Nc6 3.Bc4 Bc5 4.O-O Nf6 5.d3 O-O 
6.Bg5 d6 7.h3 h6 8.Bh4 Be6 9.Bxe6 fxe6 10.Nc3 d5 
11.Bxf6 Rxf6 12.Na4 Qd6 13.Nxc5 Qxc5 14.Rc1 Nd4 
15.Nxd4 Qxd4 16.c3 Qb6 17.Qb3 1/2-1/2

[Event "ACL-A168"]
[Site "www.playchess.de"]
[Date "2001.04.20"]
[Round "5"]
[White "deadeasy"]
[Black "Rparkes"]
[WhiteElo "1909"]
[BlackElo "1584"]
[PlyCount "47"]
[Result "1-0"]

1.d4 {hello from london. i look forward to an 
interesting game}  d5 2.Nc3 Nf6 3.e4 Nxe4 4.Nxe4 
dxe4 5.Bc4 e6 6.Nh3 Be7 7.c3 O-O 8.O-O Nd7 9.Qe2 
Nb6 10.Bb3 Bd7 11.Qxe4 Bc6 12.Qg4 Nd5 13.Bh6 Bf6 
14.Bc2 Kh8 15.Qe4 g6 16.Bxf8 Qxf8 17.Qf3 Bg7 
18.Be4 f5 19.Bxd5 Bxd5 20.Qe3 Re8 21.Rfe1 e5 
22.dxe5 Rxe5 23.Qxa7 Qd6 24.Qb8+ 1-0

[Event "HCL-B312"]
[Site "www.playchess.de"]
[Date "2001.04.20"]
[Round "19"]
[White "mouloud"]
[Black "lonewolf"]
[WhiteElo "1200"]
[BlackElo "1683"]
[PlyCount "82"]
[Result "1/2-1/2"]

1.d4 Nf6 {Hello,have a good game.}  2.c4 {thanks, 
nice to play with you}  e6 3.Bg5 Bb4+ 4.Nd2 d6 
5.a3 Bxd2+ 6.Qxd2 O-O 7.Qc2 b6 8.e3 Bb7 9.f3 h6 
10.Bh4 g5 11.Bg3 h5 12.e4 h4 13.Bf2 Nc6 14.h3 e5 
15.d5 Ne7 16.Qd2 Nh7 17.Bd3 Ng6 18.Ne2 Qd7 19.O-O 
Rfd8 20.Be3 Qe7 21.b4 Ba6 22.b5 {it looks like 
Verdun}  Bb7 {It sure dos.}  23.a4 Rac8 24.Ra2 Kg7 
25.Rfa1 Rcb8 26.a5 Rde8 27.axb6 axb6 {Now it's 
going to get bloody.}  28.R2a7 {from verdun to 
stalingrad :-)}  Nf4 {Hope my ammunition holds out 
:-)}  29.Nxf4 gxf4 30.Bf2 Reh8 31.R1a3 Nf8 32.Qa2 
Nd7 33.Qa1 Nc5 34.Bxc5 bxc5 35.Rb3 Rba8 36.Rba3 
{draw?}  Rxa7 {Perhaps,later on though.}  37.Rxa7 
Rb8 38.Qa5 Qd8 39.Bc2 Ra8 40.Rxa8 {partie nulle?}  
Bxa8 41.Qa7 Qc8 1/2-1/2

[Event "HCL-C301"]
[Site "www.playchess.de"]
[Date "2001.04.20"]
[Round "17"]
[White "MEATHEAD"]
[Black "craigsadler"]
[WhiteElo "849"]
[BlackElo "932"]
[PlyCount "48"]
[Result "0-1"]

1.e4 c6 2.Bc4 d5 3.exd5 cxd5 4.Bb5+ Nc6 5.Qf3 Nf6 
6.d3 e6 7.Ne2 Qa5+ 8.Nbc3 Bb4 9.Qg3 Bxc3+ 10.Nxc3 
d4 11.Qxg7 dxc3 12.Qxh8+ Kd7 13.Bxc6+ bxc6 14.O-O 
Qe5 15.Rb1 Bb7 16.Qg7 c5 17.Qxf7+ Kc6 18.b3 Ng4 
19.Bf4 Qd5 20.Rbe1 Kb5 21.a4+ Kb4 22.Re4+ Ka3 
23.Ra1+ Kb2 24.Ree1 Qxg2+ 0-1

[Event "HCL-C307"]
[Site "www.playchess.de"]
[Date "2001.04.20"]
[Round "7"]
[White "Boss_man_Bing"]
[Black "gbpackers"]
[WhiteElo "1000"]
[BlackElo "1000"]
[PlyCount "117"]
[Result "1-0"]

1.e4 {Are you from Brazil, or just passing 
through?}  e5 2.Nf3 d6 3.d4 Nc6 4.Bc4 Bg4 5.O-O 
Nxd4 6.h3 Nxf3+ 7.gxf3 Bxh3 8.Qd5 Kd7 9.Qb5+ Kc8 
10.Rd1 a6 11.Qb3 g5 12.f4 exf4 13.Qxh3+ Qd7 14.Qf3 
Nf6 15.e5 Qg4+ 16.Qxg4+ Nxg4 17.exd6 Bxd6 18.Bxf7 
Kb8 19.Bh5 Nf6 20.Be2 Re8 21.Nc3 g4 22.Bc4 Bc5 
23.Nd5 Nxd5 24.Bxd5 Rd8 25.Bxf4 h5 26.a3 Bd6 
27.Bg5 Rf8 28.b4 g3 29.Bh4 Rxf2 30.Rdf1 Rh2 
31.Rae1 Rxh4 32.Re8+ Ka7 33.Rfe1 Rxe8 34.Rxe8 Rh2 
35.c4 c5 36.Rd8 Bc7 37.Rd7 Kb8 38.bxc5 h4 39.Rh7 
Be5 40.Rxb7+ Kc8 41.c6 Bd4+ 42.Kf1 g2+ 43.Bxg2 h3 
44.Bd5 Be5 45.Be6+ Kd8 46.Rd7+ Kc8 47.Rd5+ Kc7 
48.Rxe5 Kxc6 49.Rh5 Rh1+ 50.Kf2 Rh2+ 51.Ke3 Ra2 
52.Bxh3 Rxa3+ 53.Kd4 a5 54.Bg2+ Kd6 55.c5+ Kc7 
56.Rh7+ Kc8 57.Bb7+ Kd8 58.c6 Ra4+ 
59.Kd5 1-0

[Event "HCL-C306"]
[Site "www.playchess.de"]
[Date "2001.04.20"]
[Round "1"]
[White "fossa"]
[Black "MEATHEAD"]
[WhiteElo "1023"]
[BlackElo "895"]
[PlyCount "89"]
[Result "1-0"]

1.e3 Nf6 2.c4 c5 3.Nc3 d6 4.Nf3 Bg4 5.Be2 g6 6.h3 
Bf5 7.g4 Be4 8.Nxe4 Nxe4 9.Qa4+ Nc6 10.Qb3 Bg7 
11.Qxb7 O-O 12.Qxc6 Nf6 13.O-O {see you tomorrow}  
Qd7 14.Qxd7 {couldn't resist to come again, my 
next move will come in hours, really}  Nxd7 15.d4 
cxd4 16.exd4 e5 17.Be3 exd4 18.Bxd4 f6 19.h4 h5 
20.g5 Rae8 21.Bd3 a5 22.Bxg6 Red8 23.Bxh5 fxg5 
24.Nxg5 Bxd4 25.Ne6 Bxb2 26.Rad1 Nf6 27.Bg6 Rdc8 
28.Nxf8 Kxf8 29.Rxd6 Ke7 30.Rfd1 Rc7 31.h5 Ng4 
32.Bf5 Rxc4 33.R6d7+ Kf6 34.Bxg4 Rxg4+ 35.Kf1 Rg7 
36.R1d6+ Ke5 37.Rxg7 Kxd6 38.Rg6+ Ke7 39.h6 Kf7 
40.Ra6 Bc1 41.h7 Bb2 42.Rxa5 Kg6 43.Ra7 Bd4 44.Rb7 
Kf6 45.h8Q+ {%}  1-0

[Event "HCL-A148"]
[Site "www.playchess.de"]
[Date "2001.04.20"]
[Round "6"]
[White "LUCIANO"]
[Black "Whatever"]
[WhiteElo "1263"]
[BlackElo "1584"]
[PlyCount "37"]
[Result "1-0"]

1.d4 Nf6 {Have a good game}  2.c4 c5 3.e3 g6 4.Nf3 
Bg7 5.Be2 O-O 6.O-O cxd4 7.exd4 d5 8.c5 b6 9.Nc3 
Ne4 10.cxb6 Nxc3 11.bxc3 axb6 12.a4 Ba6 13.Re1 Nc6 
14.Bxa6 Rxa6 15.Qb3 e6 16.Bf4 Na5 17.Qb5 Qc8 
18.Rab1 Nb7 19.Qxa6 1-0

[Event "HCL-A143"]
[Site "www.playchess.de"]
[Date "2001.04.20"]
[Round "9"]
[White "Gruhni"]
[Black "Leoisthelion"]
[WhiteElo "1300"]
[BlackElo "1700"]
[PlyCount "33"]
[Result "1-0"]

1.e4 d5 2.exd5 Qxd5 {Good luck}  3.Nc3 Qa5 4.Nf3 
Nf6 5.Be2 Bf5 6.O-O Nc6 7.d4 Rd8 8.Be3 e5 9.Qe1 
exd4 10.Nxd4 Nxd4 11.Bxd4 Rxd4 12.Bb5+ Kd8 13.Qe5 
Rb4 14.Qxf5 a6 15.a4 Bd6 16.Nd5 Re8 
17.Nxf6 1-0

[Event "HCL-C309"]
[Site "www.playchess.de"]
[Date "2001.04.20"]
[Round "9"]
[White "zemat"]
[Black "MEATHEAD"]
[WhiteElo "1000"]
[BlackElo "895"]
[PlyCount "47"]
[Result "1-0"]

1.e4 {Hello}  e5 2.Nf3 Nc6 3.Bc4 Qe7 4.Nc3 Nf6 
5.Ng5 g6 6.Bxf7+ Kd8 7.Bc4 Ke8 8.O-O h6 9.Nb5 hxg5 
10.Nxc7+ Kd8 11.Nxa8 Nxe4 12.d3 Nc5 13.c3 e4 
14.Re1 Qh7 15.Bxg5+ Be7 16.Bf4 g5 17.Bc7+ Ke8 
18.dxe4 d6 19.Bxd6 Nxe4 20.Nc7+ Kd8 21.Be5+ Bd6 
22.Bxd6 Nxd6 23.Qxd6+ Bd7 24.Ne6+ 1-0

[Event "HCL-C314"]
[Site "www.playchess.de"]
[Date "2001.04.20"]
[Round "7"]
[White "morphy"]
[Black "alexander"]
[WhiteElo "1009"]
[BlackElo "711"]
[PlyCount "27"]
[Result "1-0"]

1.e4 e5 2.Nf3 d6 3.d4 {Happy Easter}  Nc6 {thank 
you !!!}  4.dxe5 Qe7 5.Nc3 f6 6.exd6 cxd6 7.Bc4 
Nh6 8.Bxh6 gxh6 9.O-O Nb4 10.Nd4 Qc7 11.Bb5+ Bd7 
12.Qh5+ Kd8 13.Ne6+ Bxe6 14.Qe8+ 1-0